| 000 | 00515nam a2200193 i 4500 | ||
|---|---|---|---|
| 001 | 17398 | ||
| 003 | ES-MaACL | ||
| 005 | 20230906151554.0 | ||
| 007 | t| | ||
| 008 | 010301s1978 sp ||||1| spa d | ||
| 020 | _a84-7245-094-5 | ||
| 080 | _a008"19"(04) | ||
| 100 | 1 |
_aSlater, Philip. _9106772 |
|
| 245 | 1 | 0 |
_aPaseo por la tierra / _cPhilip Slater. |
| 260 |
_aBarcelona : _bKairós, _c1978. |
||
| 300 |
_a289 p. ; _c20 cm. |
||
| 650 | 1 | 4 |
_aCivilización- _yS.XX. _911085 |
| 852 |
_aES-MaACL _jL-24416 _bR.129528 |
||
| 999 |
_c17398 _d17398 |
||